[Event "HCL-A126"]
[Site "www.playchess.de"]
[Date "2001.04.24"]
[Round "6"]
[White "Tinho"]
[Black "Maxim"]
[WhiteElo "1846"]
[BlackElo "1800"]
[PlyCount "41"]
[Result "1-0"]

1.e4 c5 {good luck}  2.Nf3 Nc6 3.d4 cxd4 4.Nxd4 g6 
5.c4 Bg7 6.Be3 Nf6 7.Nc3 d6 8.Be2 h5 9.h3 Qc7 
10.O-O a6 11.Nd5 Qd8 12.Nxc6 bxc6 13.Bb6 Qd7 
14.Nc7+ Kf8 15.Nxa8 Qb7 {sorry for moveing so 
late.}  16.e5 {That's ok. I have more than enough 
difficult games going. Big difference with B 
league!}  Ne8 17.exd6 {A miracle just happened: 
Janus blundered his queen!!}  exd6 {Your Elo 
rating is much higher than 1800 or you are playing 
whit a chessp program.}  18.Nc7 {Why?? Somebody 
giving away his queen doesn't make me a good 
player.}  Qxb6 19.Nxe8 Kxe8 20.Qxd6 Be6 
21.Bf3 1-0

[Event "ACL-A153"]
[Site "www.playchess.de"]
[Date "2001.04.24"]
[Round "4"]
[White "andrus"]
[Black "Dubious_Logic"]
[WhiteElo "1500"]
[BlackElo "1500"]
[PlyCount "81"]
[Result "1/2-1/2"]

1.d4 Nf6 {my best wishes on an enjoyable game and 
match!}  2.c4 e6 3.g3 c5 4.d5 {fanks, you too!}  
exd5 5.cxd5 d6 6.Nc3 g6 7.Bg2 Bg7 8.Nf3 O-O 9.O-O 
a6 10.a4 Nbd7 11.Nd2 Re8 12.h3 Rb8 13.Nc4 Ne5 
14.Na3 Nh5 15.e4 f5 16.exf5 Bxf5 17.g4 b5 18.axb5 
axb5 19.gxf5 b4 20.fxg6 hxg6 21.Nc2 bxc3 22.bxc3 
Rb3 23.Ra3 Rb1 24.Qe2 Rf8 25.Be3 Rb2 26.Rfa1 Qf6 
27.R3a2 Rxa2 28.Rxa2 Nf4 29.Bxf4 Qxf4 30.Ne3 Bf6 
31.Qc2 Bh4 {Since my position seems to offset your 
1 pawn advantage, shall we call it a draw?}  
32.Nd1 {I want make 4-5 moves}  Qg5 33.Qe4 Rf7 
34.Kh1 Qh5 35.Qe2 Qxe2 36.Rxe2 Ra7 37.Be4 Ra1 
38.Bc2 Nd3 {shall we trade horses?}  39.Kh2 Nf4 
40.Re4 Bf6 41.Kg3 1/2-1/2

[Event "HCL-C277"]
[Site "www.playchess.de"]
[Date "2001.04.24"]
[Round "3"]
[White "Coney"]
[Black "laehndie26"]
[WhiteElo "1167"]
[BlackElo "388"]
[PlyCount "21"]
[Result "1-0"]

1.d4 d5 2.c4 Be6 3.Nc3 Nc6 4.cxd5 Bxd5 5.e4 Be6 
6.d5 Bd7 7.dxc6 Bxc6 8.Bf4 Qxd1+ 9.Rxd1 Bd7 
10.Bxc7 Ba4 11.Nxa4 1-0

[Event "HCL-A129"]
[Site "www.playchess.de"]
[Date "2001.04.24"]
[Round "9"]
[White "janus"]
[Black "TUSCARORA"]
[WhiteElo "1918"]
[BlackElo "1700"]
[PlyCount "31"]
[Result "1-0"]

1.e4 {Good luck for you and a thrilling game for 
us !!}  c5 2.Nf3 d6 3.d4 cxd4 4.Nxd4 Nf6 5.Nc3 g6 
6.Be3 Bg7 7.f3 O-O 8.Qd2 Nc6 9.Bc4 Qa5 10.O-O-O 
Bd7 11.Bb3 Rfc8 12.g4 Ne5 13.h4 Nc4 14.Bxc4 Rxc4 
15.h5 b5 16.hxg6 1-0

[Event "ACL-E008"]
[Site "www.playchess.de"]
[Date "2001.04.24"]
[Round "14"]
[White "player27"]
[Black "Goofy"]
[WhiteElo "1723"]
[BlackElo "1743"]
[PlyCount "42"]
[Result "1/2-1/2"]

1.Nf3 {*handshake* gutes Spiel erneut. gruss andy} 
 c5 2.g3 Nc6 3.Bg2 g6 4.c4 Bg7 5.Nc3 e6 6.a3 Nge7 
7.b4 cxb4 8.axb4 Nxb4 9.Ba3 Nbc6 10.Nb5 O-O 11.Bd6 
Nf5 12.Bxf8 Bxa1 13.Qxa1 Qxf8 14.O-O a5 15.e4 Nd6 
16.Nxd6 Qxd6 17.d4 Qc7 18.d5 Nb4 19.Ne5 d6 20.Ng4 
e5 21.Nf6+ Kf8 1/2-1/2

[Event "HCL-B279"]
[Site "www.playchess.de"]
[Date "2001.04.24"]
[Round "12"]
[White "vijal"]
[Black "sundfar"]
[WhiteElo "799"]
[BlackElo "1330"]
[PlyCount "38"]
[Result "0-1"]

1.e4 e5 2.Nf3 Nc6 3.Bc4 Bc5 4.d3 h6 5.Nc3 Nf6 
6.Be3 Bxe3 7.fxe3 d6 8.O-O O-O 9.d4 exd4 10.exd4 
Re8 11.Re1 Bg4 12.h3 Bh5 13.a3 Bxf3 14.gxf3 Nh5 
15.Qd2 Qf6 16.Kf2 Nxd4 17.Nd5 Qxf3+ 18.Kg1 Qg3+ 
19.Qg2 Nf3+ 0-1

[Event "ACL-E013"]
[Site "www.playchess.de"]
[Date "2001.04.24"]
[Round "6"]
[White "dzwonek"]
[Black "Allesnehmer"]
[WhiteElo "1715"]
[BlackElo "2083"]
[PlyCount "83"]
[Result "1-0"]

1.d4 {Have a good game.}  e6 2.Nf3 d5 3.c4 c6 4.e3 
f5 5.Nc3 Nf6 6.Bd3 Bd6 7.b3 O-O 8.O-O Ne4 9.Bb2 
Nd7 10.a3 Qe8 11.Qc2 Qh5 12.h3 Rf6 13.Ne2 g5 
14.Ne5 Rh6 15.cxd5 cxd5 16.f3 Bxe5 17.dxe5 Nec5 
18.Bb5 a6 19.Bxd7 Nxd7 20.Qc7 Qe8 21.Rac1 Rg6 
22.Rc2 Rg7 23.Rfc1 Nf8 24.Qb6 g4 25.hxg4 fxg4 
26.f4 Bd7 27.Nd4 Bb5 28.a4 Bd3 29.R2c3 Bf5 30.R3c7 
Rxc7 31.Rxc7 Rc8 32.Nxf5 exf5 33.Qxb7 Rxc7 34.Qxc7 
Qd7 35.Qxd7 Nxd7 36.b4 Kf7 37.b5 axb5 38.axb5 Nc5 
39.Kh2 Ke8 40.Kg3 Kd7 41.Bd4 Ne6 
42.Kh4 1-0

[Event "HCL-A133"]
[Site "www.playchess.de"]
[Date "2001.04.24"]
[Round "7"]
[White "myosotis1984"]
[Black "Hubble"]
[WhiteElo "1170"]
[BlackElo "1584"]
[PlyCount "54"]
[Result "0-1"]

1.e4 e5 2.Nf3 Nc6 3.Bc4 Bc5 4.d3 Nf6 5.a3 O-O 
6.Nc3 h6 7.O-O d6 8.h3 Nd4 9.Na4 Nxf3+ 10.Qxf3 Bb6 
11.Nxb6 axb6 12.Qg3 Kh8 13.Qh2 Nh7 14.f4 exf4 
15.Bxf4 f5 16.exf5 Bxf5 17.Rae1 Qf6 18.Bc1 Ng5 
19.Kh1 Qg6 20.Re7 Rfe8 21.Bxg5 Qxg5 22.Rxc7 Re2 
23.Bb3 Rae8 24.Rxb7 R2e1 25.Qg1 Qc1 26.Rf7 Rxf1 
27.Qxf1 Qxf1+ 0-1

[Event "HCL-E051"]
[Site "www.playchess.de"]
[Date "2001.04.24"]
[Round "6"]
[White "General_Custer"]
[Black "milo"]
[WhiteElo "2000"]
[BlackElo "2100"]
[PlyCount "23"]
[Result "1-0"]

1.e4 Nf6 2.e5 Nd5 3.d4 d6 4.c4 Nb6 5.Nf3 Bg4 
6.exd6 cxd6 {Do you want to be my friend?}  7.Be2 
g6 8.O-O Bg7 9.Qb3 Qc7 10.c5 dxc5 11.dxc5 Qxc5 
12.Ng5 1-0

[Event "HCL-B299"]
[Site "www.playchess.de"]
[Date "2001.04.24"]
[Round "3"]
[White "lebesgue"]
[Black "gktyro"]
[WhiteElo "1667"]
[BlackElo "1500"]
[PlyCount "69"]
[Result "1-0"]

1.d4 {Hello and good luck!}  Nf6 2.Nf3 d5 3.Bf4 g6 
4.e3 Bg7 5.c4 c6 6.Nc3 O-O 7.Rc1 e6 8.cxd5 exd5 
9.Be2 Nbd7 10.b4 Nb6 11.Na4 Nxa4 12.Qxa4 Qb6 
13.O-O Be6 14.Nd2 a6 15.Nb3 Rfc8 16.Nc5 Nd7 
17.Rcb1 Bf5 18.Rb2 Nxc5 19.dxc5 Qd8 20.Rd2 b5 
21.Qb3 Be6 22.Qc2 a5 23.a3 axb4 24.axb4 Ra4 25.Rb1 
Rca8 26.e4 Qh4 27.g3 Qh3 28.Bf1 Qh5 29.Be2 Bg4 
30.Bxg4 Qxg4 31.exd5 R4a1 32.Rxa1 Rxa1+ 33.Kg2 Ra4 
34.dxc6 Rxb4 35.Rd8+ 1-0

[Event "HCL-M018"]
[Site "www.playchess.de"]
[Date "2001.04.24"]
[Round "9"]
[White "Fenrisulven"]
[Black "ARMAGEDON_8"]
[WhiteElo "2300"]
[BlackElo "2294"]
[PlyCount "22"]
[Result "0-1"]

1.d4 Nf6 2.Nf3 g6 3.Bg5 Bg7 4.Nbd2 O-O 5.e3 d6 
6.Be2 Nbd7 7.c3 c6 8.b4 e5 9.O-O Qe7 10.a4 h6 
11.Bxf6 Nxf6 0-1

[Event "HCL-A136"]
[Site "www.playchess.de"]
[Date "2001.04.24"]
[Round "14"]
[White "superm"]
[Black "Drugo_Izdanje"]
[WhiteElo "1258"]
[BlackElo "1818"]
[PlyCount "38"]
[Result "1/2-1/2"]

1.e4 c6 2.d4 d5 3.e5 Bf5 4.Nc3 e6 5.g4 Bg6 6.Nge2 
c5 7.h4 h6 8.Be3 cxd4 9.Nxd4 Bb4 10.h5 Be4 11.f3 
Bh7 12.Bd3 Bxd3 13.Qxd3 Nd7 14.O-O-O Bxc3 15.Qxc3 
Rc8 16.Qe1 Nxe5 17.Bf4 Nc6 18.Nf5 Kf8 19.Bd6+ 
Nge7 1/2-1/2

[Event "HCL-A136"]
[Site "www.playchess.de"]
[Date "2001.04.24"]
[Round "25"]
[White "kali"]
[Black "Drugo_Izdanje"]
[WhiteElo "1700"]
[BlackElo "1818"]
[PlyCount "32"]
[Result "1/2-1/2"]

1.Nf3 Nf6 2.g3 d5 3.Bg2 Bf5 4.d3 e6 5.Nbd2 Be7 
6.b3 O-O 7.Bb2 h6 8.O-O c5 9.a3 Nc6 10.c4 Re8 
11.Rc1 d4 12.Nh4 Bh7 13.Qc2 Qd7 14.Nhf3 Rab8 
15.Qd1 Bd6 16.Nh4 Be7 1/2-1/2

[Event "ACL-A151"]
[Site "www.playchess.de"]
[Date "2001.04.24"]
[Round "11"]
[White "fossa"]
[Black "pirco"]
[WhiteElo "1500"]
[BlackElo "1858"]
[PlyCount "52"]
[Result "0-1"]

1.e3 e5 2.c4 Nf6 3.Nc3 Bb4 4.Nf3 d6 5.Qa4+ Nc6 
6.Nd5 Ba5 7.b4 Bb6 8.Nxb6 cxb6 9.d4 O-O 10.d5 Ne7 
11.Ng5 Qc7 12.Qc2 Nexd5 13.Qb1 h6 14.cxd5 hxg5 
15.e4 Nxe4 16.Qxe4 Qc3+ 17.Kd1 Qxa1 18.a3 Bd7 
19.Bd3 Ba4+ 20.Kd2 f5 21.Qe3 Rac8 22.Qxg5 Qa2+ 
23.Ke3 f4+ 24.Ke4 Qxf2 25.Rf1 Rc4+ 26.Bxc4 
Bc2+ 0-1

[Event "HCL-B306"]
[Site "www.playchess.de"]
[Date "2001.04.24"]
[Round "9"]
[White "lonewolf"]
[Black "elf22de"]
[WhiteElo "1661"]
[BlackElo "1200"]
[PlyCount "37"]
[Result "1-0"]

1.d4 {Hi,have a good game.}  e6 2.c4 Nc6 {thanx 
same to you}  3.Nc3 d5 4.Nf3 Bb4 5.e3 Bxc3+ 6.bxc3 
Bd7 7.Ba3 Nf6 8.cxd5 exd5 9.Bd3 Bg4 10.Rb1 Bxf3 
11.Qxf3 Kd7 12.Rxb7 Kc8 13.Ba6 Na5 14.Qf5+ Nd7 
15.Rb3+ Nb7 16.Bxb7+ Kb8 17.Qxd7 Qxd7 18.Ba6+ Qb5 
19.Rxb5+ 1-0

[Event "HCL-C298"]
[Site "www.playchess.de"]
[Date "2001.04.24"]
[Round "6"]
[White "lily"]
[Black "Edik"]
[WhiteElo "1000"]
[BlackElo "1253"]
[PlyCount "40"]
[Result "0-1"]

1.e4 c6 2.Bc4 d5 3.Bd3 dxe4 4.Bxe4 Nf6 5.Nc3 Nxe4 
6.Nxe4 Bf5 7.Qf3 Bg6 8.d3 e6 9.c4 Bb4+ 10.Bd2 
Bxd2+ 11.Kxd2 Nd7 12.Nd6+ Ke7 13.Ne4 Ne5 14.Qe2 
Nxc4+ 15.Kc3 Nd6 16.b4 Bxe4 17.dxe4 Nb5+ 18.Kb2 
Qd4+ 19.Kc2 Qc3+ 20.Kb1 Na3+ 0-1

[Event "HCL-A139"]
[Site "www.playchess.de"]
[Date "2001.04.24"]
[Round "4"]
[White "One_i"]
[Black "deGroeet"]
[WhiteElo "1646"]
[BlackElo "1800"]
[PlyCount "41"]
[Result "1-0"]

1.d4 {Good luck to you from Canada!}  d5 2.Nf3 c6 
3.c3 Nf6 4.Bf4 e6 5.e3 Bd6 6.Bg3 h6 7.Bd3 a5 
8.Nbd2 Na6 9.O-O O-O 10.Ne5 Bd7 11.Ndf3 Nc7 12.Bb1 
a4 13.Nxd7 Qxd7 14.Qc2 Rfe8 15.Ne5 Qe7 16.Ng4 Bxg3 
17.Nxf6+ Qxf6 18.Qh7+ Kf8 19.fxg3 Qg5 20.Rf3 e5 
21.Bg6 1-0

[Event "ACL-M005"]
[Site "www.playchess.de"]
[Date "2001.04.24"]
[Round "2"]
[White "Nils"]
[Black "peze"]
[WhiteElo "1821"]
[BlackElo "1940"]
[PlyCount "52"]
[Result "0-1"]

1.e4 e5 2.Nf3 Nf6 3.Nxe5 d6 4.Nf3 Nxe4 5.Bb5+ c6 
{Diese Var. finde ich nur bei Zaitsev-Kochyev 
(Moskau 1988). Spielst Du das öfter?}  6.Be2 
{nein}  Be7 7.O-O O-O 8.d4 Re8 9.Nbd2 d5 10.Re1 
Bf5 11.Bd3 Bd6 12.a4 Nd7 13.a5 Qf6 14.a6 b5 15.Nf1 
Bg4 16.Be2 Nb6 17.Ne3 Bh5 18.Nf1 Re6 19.c3 b4 
20.Bd2 Rae8 21.cxb4 Nxd2 22.Qxd2 Bf4 23.Qd3 Nc4 
24.Ra2 Bxf3 25.Qxf3 Qxd4 26.Qc3 
Qxc3 0-1

[Event "HCL-A137"]
[Site "www.playchess.de"]
[Date "2001.04.24"]
[Round "1"]
[White "mrchess"]
[Black "Nils"]
[WhiteElo "1574"]
[BlackElo "1753"]
[PlyCount "27"]
[Result "1-0"]

1.d4 {have a nice game}  Nf6 {You too}  2.Nf3 d5 
3.c4 dxc4 4.Nc3 c6 5.e4 b5 6.a4 b4 7.Na2 Nxe4 
8.Bxc4 Nd6 9.Bd3 a5 10.Be3 g6 11.O-O Bg7 12.Nc1 
O-O 13.Nb3 Bg4 14.Nc5 1-0

[Event "HCL-A132"]
[Site "www.playchess.de"]
[Date "2001.04.24"]
[Round "1"]
[White "raimacs"]
[Black "Nils"]
[WhiteElo "1600"]
[BlackElo "1753"]
[PlyCount "31"]
[Result "1-0"]

1.e4 e5 2.Nf3 Nc6 3.Bb5 a6 4.Ba4 b5 5.Bb3 Nf6 
6.Nc3 Be7 7.O-O O-O 8.d3 Bb7 9.Nd5 Na5 10.Nxe7+ 
Qxe7 11.Bd2 Nxb3 12.axb3 Ng4 13.h3 Nf6 14.Re1 Rfe8 
15.Qe2 c5 16.Nh4 1-0

[Event "HCL-A141"]
[Site "www.playchess.de"]
[Date "2001.04.24"]
[Round "1"]
[White "Nils"]
[Black "Translightor"]
[WhiteElo "1753"]
[BlackElo "1408"]
[PlyCount "46"]
[Result "0-1"]

1.e4 e5 {Hallo, Nils! Viel Spaß in dieser Partie!} 
 2.Nf3 {Ebenso}  Nc6 3.Bb5 a6 4.Bxc6 dxc6 5.Nc3 f6 
6.O-O Bg4 7.d3 Qd7 8.h3 Bh5 9.Nxe5 Bxd1 10.Nxd7 
Bxc2 11.Nxf8 Kxf8 12.d4 Bd3 13.Rd1 Bc4 14.Bf4 Rc8 
15.d5 cxd5 16.b3 Bb5 17.Nxb5 axb5 18.Rxd5 c6 
19.Rd7 g5 20.Bd6+ Ke8 21.Rxb7 Nh6 22.Re7+ Kd8 
23.Rd1 Ra8 0-1

[Event "ACL-A160"]
[Site "www.playchess.de"]
[Date "2001.04.24"]
[Round "18"]
[White "vijal"]
[Black "richard"]
[WhiteElo "1226"]
[BlackElo "1652"]
[PlyCount "78"]
[Result "0-1"]

1.d4 Nf6 {greetings from Amherst, MA}  2.Nf3 g6 
3.e3 Bg7 4.c4 O-O 5.Nc3 c5 6.a3 cxd4 7.Nxd4 Nc6 
8.Nxc6 bxc6 9.Qc2 a5 10.Ne4 Nxe4 11.Qxe4 d5 
12.cxd5 Bf5 13.Qa4 cxd5 14.Be2 Qb6 15.O-O Rfc8 
16.Bf3 e6 17.Be2 Bxb2 18.Bxb2 Qxb2 19.Bf3 Rab8 
{interesting position}  20.h3 Bd3 21.Rfe1 Rb5 
22.Qd4 Qxd4 {will pawn up win this one?}  23.exd4 
Rb2 {is it the endgame yet?}  24.Rec1 Rcc2 {invade 
the 7th rank}  25.Rxc2 Bxc2 26.Be2 Kg7 27.a4 Rb4 
28.Bb5 Rxd4 29.Kh2 Rb4 {push the passer}  30.Kg3 
Kf6 {but first central the king}  31.Kf3 Be4+ 
32.Kg3 d4 {here comes the new queen}  33.f3 Bd5 {I 
anticipated this}  34.Kf4 e5+ 35.Kg3 Ke6 36.Re1 f5 
{..}  37.Kf2 e4 38.fxe4 fxe4 {two connected 
passers = win}  39.g4 Ke5 0-1

[Event "HCL-B293"]
[Site "www.playchess.de"]
[Date "2001.04.24"]
[Round "9"]
[White "vijal"]
[Black "CHARON"]
[WhiteElo "882"]
[BlackElo "1581"]
[PlyCount "48"]
[Result "0-1"]

1.d4 d5 2.Nf3 Bg4 3.Bf4 Nf6 4.e3 c6 5.c4 e6 6.a3 
Nbd7 7.Nc3 Ne4 8.Rc1 Qa5 9.cxd5 exd5 10.Be2 Nxc3 
11.Rxc3 Bxa3 12.Qb3 Bb4 13.O-O Bxc3 14.bxc3 O-O 
15.Qxb7 Qxc3 16.h3 Be6 17.Ne5 Nxe5 18.Bxe5 a5 
19.Bd6 Rfd8 20.Bc5 Rdb8 21.Qxc6 a4 22.Bf3 a3 
23.Bxd5 Bxd5 24.Qxd5 a2 0-1

[Event "HCL-A141"]
[Site "www.playchess.de"]
[Date "2001.04.24"]
[Round "10"]
[White "mats"]
[Black "LUPES"]
[WhiteElo "1700"]
[BlackElo "1817"]
[PlyCount "68"]
[Result "0-1"]

1.e4 e5 2.Nf3 Nc6 3.Bb5 a6 4.Ba4 Nf6 5.O-O b5 
6.Bb3 Bd6 7.d4 Bb7 8.Re1 O-O 9.c3 h6 10.a4 Re8 
11.Nbd2 Qb8 12.Nf1 exd4 13.cxd4 Nxe4 14.Ne5 Nxe5 
15.dxe5 Rxe5 16.Be3 bxa4 17.Rxa4 Bc6 18.Ra2 Qb7 
19.Bd4 Rg5 20.f3 Nc5 21.Ra3 Ne6 22.Bxe6 Bxa3 
23.Bg4 Bxb2 24.Be3 Rd5 25.Qc2 Qb4 26.Rb1 Rb8 27.f4 
Ra5 28.Bf5 Ra2 29.h3 Qb3 30.Qf2 Rb5 31.Bc2 Qc4 
32.Re1 Bc3 33.Re2 Rbb2 34.Bc1 Rbxc2 0-1

[Event "HCL-B311"]
[Site "www.playchess.de"]
[Date "2001.04.24"]
[Round "5"]
[White "lienk"]
[Black "JaredMW"]
[WhiteElo "1030"]
[BlackElo "1055"]
[PlyCount "31"]
[Result "1-0"]

1.e4 e5 {Hi! I'm 14 years old and from the USA. 
Hope this is a good game!}  2.Nf3 {Hi, I'm from 
Jakarta, Indonesia. I'm an oldie compared to you, 
but young at heart.}  Nc6 3.Bb5 d5 4.Nxe5 Bd7 5.d4 
Nxe5 6.Bxd7+ Nxd7 7.e5 c5 8.Qh5 g6 9.Qf3 Ne7 
10.Bg5 cxd4 11.O-O Nxe5 12.Qf6 Rg8 13.Qxe5 Bg7 
14.Qe2 d3 15.Qxd3 Bxb2 16.Qb5+ 1-0

[Event "HCL-A128"]
[Site "www.playchess.de"]
[Date "2001.04.24"]
[Round "8"]
[White "Bauernopfer"]
[Black "bundori"]
[WhiteElo "1416"]
[BlackElo "1716"]
[PlyCount "48"]
[Result "0-1"]

1.e4 e6 2.d4 d5 3.Nc3 Bb4 4.Bd3 dxe4 5.Bxe4 c5 
6.Nf3 Nf6 7.Qd3 cxd4 8.Nxd4 Bxc3+ 9.bxc3 Nxe4 
10.Qxe4 Qa5 11.Ne2 O-O 12.O-O Nc6 13.Be3 e5 
14.Rfd1 Be6 15.a3 Rad8 16.Rxd8 Rxd8 17.h3 f5 
18.Qf3 f4 19.Bc1 Qa4 20.Rb1 b6 21.Kh2 Bd5 22.Qg4 
Qe4 23.Rb2 h5 24.Qf3 Qg6 0-1

[Event "HCL-A128"]
[Site "www.playchess.de"]
[Date "2001.04.24"]
[Round "11"]
[White "Nils"]
[Black "jimmyaaa"]
[WhiteElo "1753"]
[BlackElo "2150"]
[PlyCount "30"]
[Result "0-1"]

1.e4 e6 2.d4 d5 3.e5 c5 4.Nf3 Nc6 5.c3 Qb6 6.Be2 
cxd4 7.cxd4 Nh6 8.Bd3 Bd7 9.Bc2 Nf5 10.Bxf5 exf5 
11.Nc3 Be6 12.O-O Be7 13.Na4 Qd8 14.Be3 O-O 15.Rc1 
Rc8 0-1

[Event "HCL-A140"]
[Site "www.playchess.de"]
[Date "2001.04.24"]
[Round "4"]
[White "Nils"]
[Black "Rparkes"]
[WhiteElo "1753"]
[BlackElo "1671"]
[PlyCount "38"]
[Result "0-1"]

1.e4 c5 2.Nf3 Nc6 3.Nc3 a6 4.d4 cxd4 5.Nxd4 e5 
6.Nf5 d6 7.Ne3 Nf6 8.Ned5 Nxd5 9.Nxd5 Ne7 10.Bg5 
Be6 11.c4 h6 12.Bh4 Qa5+ 13.b4 Qd8 14.Bd3 Bxd5 
15.cxd5 g5 16.Bg3 Ng6 17.Rc1 Rc8 18.Qa4+ Ke7 
19.O-O Bg7 0-1

[Event "HCL-A140"]
[Site "www.playchess.de"]
[Date "2001.04.24"]
[Round "7"]
[White "Allesnehmer"]
[Black "Nils"]
[WhiteElo "1945"]
[BlackElo "1753"]
[PlyCount "35"]
[Result "1-0"]

1.e4 e5 2.Nf3 {hi}  Nc6 {hi}  3.Bb5 a6 4.Ba4 b5 
5.Bb3 Nf6 6.d4 exd4 7.O-O Bc5 8.e5 Ng4 9.Bxf7+ 
Kxf7 10.Ng5+ Ke8 11.Qxg4 Qe7 12.Re1 Nxe5 13.Qg3 d6 
14.f4 d3+ 15.Kh1 dxc2 16.fxe5 cxb1Q {%}  17.exd6 
Qxc1 18.Raxc1 1-0

[Event "HCL-A140"]
[Site "www.playchess.de"]
[Date "2001.04.24"]
[Round "11"]
[White "Nils"]
[Black "Gorodish"]
[WhiteElo "1753"]
[BlackElo "1860"]
[PlyCount "38"]
[Result "0-1"]

1.e4 e5 {Ciao Nils, auch bei playchess?}  2.Nf3 
{ja}  Nf6 3.Nc3 Bb4 4.a3 Bxc3 5.dxc3 h6 6.Bb5 a6 
7.Bd3 d6 8.O-O Bg4 9.Qe2 O-O 10.Qe3 Nbd7 11.Rd1 
Nh5 12.h3 Be6 13.Ne1 Nf4 14.Qg3 Ng6 15.Nf3 Nf6 
16.Be3 Nh5 17.Qh2 f5 18.exf5 Bxf5 19.Bc4+ 
Kh7 0-1

[Event "HCL-A140"]
[Site "www.playchess.de"]
[Date "2001.04.24"]
[Round "16"]
[White "whatsleft2"]
[Black "Nils"]
[WhiteElo "1811"]
[BlackElo "1753"]
[PlyCount "33"]
[Result "1-0"]

1.e4 {goodluck}  e5 2.Nf3 Nc6 3.d4 exd4 4.c3 dxc3 
5.Bc4 cxb2 6.Bxb2 Bb4+ 7.Kf1 Nf6 8.e5 Ng4 9.h3 Nh6 
10.a3 {i played this opening poorly}  Be7 11.e6 
O-O 12.exf7+ Nxf7 13.Nc3 b6 14.Nd5 Bb7 15.Qc2 Bd6 
16.h4 Ne7 17.Nxe7+ 1-0

[Event "HCL-A148"]
[Site "www.playchess.de"]
[Date "2001.04.24"]
[Round "2"]
[White "LUCIANO"]
[Black "Nils"]
[WhiteElo "1263"]
[BlackElo "1753"]
[PlyCount "41"]
[Result "1-0"]

1.d4 Nf6 2.c4 e6 3.Nc3 d5 4.e3 Bb4 5.Nf3 O-O 6.Be2 
c5 7.O-O cxd4 8.Nxd4 e5 9.Nc2 Bxc3 10.bxc3 Ne4 
11.Bb2 dxc4 12.Qxd8 Rxd8 13.Rfd1 Bd7 14.Bxc4 Nc6 
15.Bd5 Nc5 16.Ba3 Na4 17.Bxc6 Bxc6 18.Bb4 Rde8 
19.h3 a5 20.Bd6 Rac8 21.c4 1-0

[Event "HCL-A147"]
[Site "www.playchess.de"]
[Date "2001.04.24"]
[Round "4"]
[White "Nils"]
[Black "Frassoni"]
[WhiteElo "1753"]
[BlackElo "2096"]
[PlyCount "22"]
[Result "0-1"]

1.e4 c5 2.Nf3 d6 3.d4 cxd4 4.Nxd4 Nf6 5.Nc3 a6 
6.Be2 e5 7.Nf3 Be7 8.O-O O-O 9.Qd3 Nbd7 10.Rd1 Nc5 
11.Qe3 Ng4 0-1

[Event "HCL-A149"]
[Site "www.playchess.de"]
[Date "2001.04.24"]
[Round "1"]
[White "Translightor"]
[Black "Nils"]
[WhiteElo "1479"]
[BlackElo "1753"]
[PlyCount "27"]
[Result "1-0"]

1.e4 {Hallo mal wieder!}  e5 {hi}  2.Nf3 Nc6 3.Bb5 
a6 4.Ba4 b5 5.Bb3 Nf6 6.Ng5 d5 7.exd5 Nd4 8.Nc3 
Nxb3 9.axb3 b4 10.Nce4 Nxe4 11.Nxe4 f5 12.Ng3 Qxd5 
13.O-O f4 14.Ne2 1-0

[Event "HCL-A148"]
[Site "www.playchess.de"]
[Date "2001.04.24"]
[Round "16"]
[White "Blitzmich"]
[Black "Nils"]
[WhiteElo "1841"]
[BlackElo "1753"]
[PlyCount "33"]
[Result "1-0"]

1.e4 {Sei gegrüßt!!}  e5 2.f4 exf4 3.Nf3 Nf6 4.e5 
Qe7 5.d4 Nd5 6.Bd3 Nc6 7.O-O Ncb4 8.Bc4 Nb6 9.Bb3 
g5 10.Bd2 Rg8 11.Nc3 g4 12.Ne1 f3 13.Ne4 N4d5 
14.c4 f5 15.Nf2 g3 16.hxg3 f4 17.cxd5 1-0

[Event "HCL-A143"]
[Site "www.playchess.de"]
[Date "2001.04.24"]
[Round "12"]
[White "One_i"]
[Black "Nils"]
[WhiteElo "1636"]
[BlackElo "1753"]
[PlyCount "23"]
[Result "1-0"]

1.d4 {Good luck to you from Canada}  Nf6 {you too} 
 2.Nf3 d5 3.Bf4 Bf5 4.e3 e6 5.Nbd2 Nbd7 6.Ne5 Nxe5 
7.Bxe5 Bd6 8.f4 O-O 9.Be2 c5 10.O-O Rc8 11.c3 b6 
12.h3 1-0

[Event "HCL-C310"]
[Site "www.playchess.de"]
[Date "2001.04.24"]
[Round "1"]
[White "Jeremy"]
[Black "Terran"]
[WhiteElo "1325"]
[BlackElo "1000"]
[PlyCount "35"]
[Result "1-0"]

1.d4 h5 2.Nf3 Nh6 3.e3 Nf5 4.Bd3 d6 5.Nbd2 c6 6.b3 
Rh6 7.O-O a5 8.e4 Rf6 9.exf5 Nd7 10.Bb2 b5 11.d5 
Rh6 12.dxc6 Nc5 13.Bxb5 Qb6 14.a4 Ne4 15.Nxe4 d5 
16.Qxd5 e6 17.c7+ Ke7 18.Qd8+ 1-0

[Event "HCL-C310"]
[Site "www.playchess.de"]
[Date "2001.04.24"]
[Round "5"]
[White "MEATHEAD"]
[Black "Terran"]
[WhiteElo "933"]
[BlackElo "1000"]
[PlyCount "33"]
[Result "1-0"]

1.e4 a5 2.Bc4 Ra6 3.Bxa6 Nxa6 4.Nf3 g6 5.Ng5 f6 
6.Nf3 d6 7.Nc3 Bg4 8.O-O Nc5 9.d4 Na6 10.Qe2 Nb4 
11.Qb5+ c6 12.Qc4 Nxc2 13.Rb1 Ne3 14.Bxe3 e5 
15.dxe5 fxe5 16.Ng5 Bh6 17.Qf7+ 1-0

[Event "ACL-A169"]
[Site "www.playchess.de"]
[Date "2001.04.24"]
[Round "3"]
[White "Malkawi"]
[Black "vijal"]
[WhiteElo "1500"]
[BlackElo "1373"]
[PlyCount "43"]
[Result "1-0"]

1.e4 e5 2.Nf3 Nc6 3.d4 exd4 4.Bc4 d5 5.Bxd5 Nf6 
6.Bxc6+ bxc6 7.O-O Be7 8.Qxd4 Qxd4 9.Nxd4 Bb7 
10.Nf5 O-O 11.Nxe7+ Kh8 12.Nf5 Nxe4 13.Nd2 Nxd2 
14.Bxd2 Rad8 15.Bc3 f6 16.Rad1 Rd5 17.Ne3 Rg5 
18.Rd7 f5 19.Rxc7 Ba8 20.f4 Rg6 21.Nxf5 Rg8 
22.Ne7 1-0

[Event "HCL-C308"]
[Site "www.playchess.de"]
[Date "2001.04.24"]
[Round "6"]
[White "Rengar"]
[Black "trebli"]
[WhiteElo "1153"]
[BlackElo "861"]
[PlyCount "39"]
[Result "1-0"]

1.e4 e5 2.Nf3 d6 3.d4 f6 4.dxe5 fxe5 5.Nxe5 dxe5 
6.Qh5+ g6 7.Qxe5+ Qe7 8.Qxh8 Qxe4+ 9.Be3 Be6 
10.Qc3 Nd7 11.Nd2 Qe5 12.Qxe5 Nxe5 13.Be2 c5 
14.O-O a6 15.Nf3 Bd6 16.Nxe5 Bxe5 17.c3 Nf6 
18.Bxc5 Ng4 19.Bxg4 Bxg4 20.Rfe1 1-0

[Event "HCL-C313"]
[Site "www.playchess.de"]
[Date "2001.04.24"]
[Round "1"]
[White "SPANKME"]
[Black "janaj"]
[WhiteElo "1000"]
[BlackElo "880"]
[PlyCount "46"]
[Result "0-1"]

1.e4 e5 2.Nf3 {So, where are you from?}  f6 
{Cologne in Germany}  3.d4 Nc6 4.Bb5 Bb4+ 5.Nc3 
{kewl}  Nge7 {kewl...I never heard it...is it a 
large city?}  6.O-O a6 {yes}  7.Ba4 d6 {hallo 
spankme...yes I mean kewl!!}  8.Bxc6+ Nxc6 9.Nd5 
Ba5 10.dxe5 Nxe5 11.Bf4 Bg4 12.h3 Bh5 13.g4 Bg6 
14.Nxe5 fxe5 15.Bg5 Qxg5 16.Ne3 Bxe4 17.Nc4 Bb4 
18.a3 Bc5 19.Ne3 O-O 20.Nd5 Rac8 21.Qc1 Qh4 22.Re1 
Bxd5 23.b4 Qxh3 0-1

[Event "HCL-C314"]
[Site "www.playchess.de"]
[Date "2001.04.24"]
[Round "9"]
[White "morphy"]
[Black "craigsadler"]
[WhiteElo "1009"]
[BlackElo "925"]
[PlyCount "45"]
[Result "1-0"]

1.e4 c6 {i always wondered what morphy would do v. 
the caro :)}  2.d4 {WIN.....OF COURSE!  lol  ;-)}  
d5 3.exd5 cxd5 4.c4 Nf6 5.Nc3 {What did you think 
of the 1 move draw between alexander and TANK?  
what a joke....}  e6 {never saw it...it happened 
in our tournament?}  6.Nf3 {Yes, click on 
HCL-C314-4 in our games list.}  Bd6 7.c5 Bc7 8.Bd3 
Nbd7 9.O-O O-O 10.Bg5 b6 11.c6 Nb8 12.Qa4 h6 
13.Bd2 Qe8 14.Nb5 Qxc6 15.Rac1 Qd7 16.Rxc7 Qd8 
17.Rxa7 Rxa7 18.Nxa7 Nbd7 19.Bb4 Ne4 20.Bxf8 Kxf8 
21.Nc6 Qc7 22.Qa8 Qxc6 23.Qxc6 1-0

[Event "ACL-A173"]
[Site "www.playchess.de"]
[Date "2001.04.24"]
[Round "2"]
[White "vijal"]
[Black "Qaurial"]
[WhiteElo "1373"]
[BlackElo "1856"]
[PlyCount "37"]
[Result "1-0"]

1.d4 Nf6 2.Nf3 c5 3.dxc5 Nc6 4.e3 e6 5.b3 Bxc5 
6.Bb2 d5 7.c4 O-O 8.Nc3 d4 9.exd4 Bb4 10.a3 Be7 
11.Be2 a6 12.Rc1 b6 13.O-O Bb7 14.Qc2 Rc8 15.Rfd1 
Qc7 16.h3 Rfd8 17.d5 exd5 18.Nxd5 Qf4 
19.Nxf4 1-0